00381nam a22001457a 450000500170000000800410001702000180005804100120007608200120008810000120010024500270011226000450013930000250018465000260020920240823071602.0240823b |||||||| |||| 00| 0 eng d a9789994573790 aEnglish a349 LAB lEnglish aLabour Act Compilation aWindhoek: bDe Beer Law Chambers, c2015 b380 pages; c25 cm.  aLegal practice bLaw